000 00435nam a2200181Ia 4500
001 10818
005 20260306161900.0
008 260306t2014||||xx |||||||||||||| ||spa||
041 _aESP
082 _a973
_bG77
100 _aGrant, Susan-Mary
_eAUT
245 0 _aHistoria de los Estados Unidos de América
260 _c2014
300 _a541 páginas :
_c21 cm.
650 _aGEN
654 _aCHU
942 _cLIB
_dJUS
_fJUS
_2ddc
_n
999 _c10818
_d10818